Sistema nuevo de la naturaleza y de la comunicación de las sustancias, así como también de la unión entre el alma y el cuerpo

Saved in:
Bibliografiske detaljer
Hovedforfatter: Leibniz, Gottfried Wilhelm (Author)
Format: Bog
Sprog:spansk
Udgivet: Buenos Aires Aguilar 1981
Udgivelse:3a. ed
Serier:Biblioteca de iniciación filosofica, 85
Fag:
Tags: Tilføj Tag
Ingen Tags, Vær først til at tagge denne postø!

MARC

LEADER 00000nam a2200000 a 4500
001 UCV7992
003 CL-VaPUC
008 900330e19810000AG |||||||||||||||||spa|d
082 0 4 |a 193  |b LEI  |2 21 
100 |a Leibniz, Gottfried Wilhelm   |e author  |9 429654 
245 1 0 |a Sistema nuevo de la naturaleza y de la comunicación de las sustancias, así como también de la unión entre el alma y el cuerpo 
250 |a 3a. ed 
300 |a 64 p 
942 |c BK 
945 |d 19900330 00:00:00 
260 |a Buenos Aires  |b Aguilar  |c 1981 
650 0 |a Filosofía de la naturaleza  |9 265899 
650 0 |a Racionalismo  |9 259116 
583 |a last modification  |c 19900330 00:00:00  |k Rodrigo Vera 
490 0 |a Biblioteca de iniciación filosofica, 85 
999 |c 213586  |d 213584 
952 |0 0  |1 0  |4 0  |6 193_000000000000000_LEI_1981  |7 0  |8 A  |9 196085  |a BIBARQ  |b BIBARQ  |d 2019-11-14  |i 2640368  |l 1  |o 193 LEI 1981  |p 2640368  |r 2025-01-20  |s 2024-04-08  |w 2019-11-14  |y BK  |k ARQ 
952 |0 0  |1 0  |4 0  |6 193_000000000000000_LEI_1981  |7 0  |8 A  |9 196086  |a BIBEDU  |b BIBEDU  |d 2019-11-14  |i 1563688  |l 1  |o 193 LEI 1981  |p 1563688  |r 2022-08-17  |s 2022-08-11  |w 2019-11-14  |y BK  |k FIL